| 000 | 00909nas a2200265 4500 | ||
|---|---|---|---|
| 005 | 20190219152756.0 | ||
| 008 | 190219b xxu||||| |||| 00| 0 spa d | ||
| 022 | _a03793982 | ||
| 082 | _aTecnología en marcha Vol. 31, N° 3, 2018 | ||
| 100 |
_aMadroñero Palacios, Sandra _952361 |
||
| 100 |
_aGuzmán Hernández, Tomás _952362 |
||
| 245 | _aDesarrollo sostenible: aplicabilidad y sus tendencias | ||
| 260 | _aCosta Rica | ||
| 260 | _bTecnológica de Costa Rica | ||
| 260 | _c2018 | ||
| 300 | _a122-130 páginas | ||
| 440 |
_aTecnología en marcha _n3 _v31 _952363 |
||
| 650 |
_aCOSTA RICA _952364 |
||
| 650 |
_aDESARROLLO SOSTENIBLE _91111 |
||
| 650 |
_aSOSTENIBILIDAD _92829 |
||
| 650 |
_aSUSTENTABILIDAD _96950 |
||
| 650 |
_aCAMBIO CLIMÁTICO _96958 |
||
| 942 | _cREV | ||
| 773 | 0 |
_04589 _932829 _a _b _dCosta Rica Editorial Tecnológica de Costa Rica _oTI18331 _tTecnología en Marcha _w _x0379-3982 _z |
|
| 999 |
_c11650 _d11650 |
||